000 01294cam a2200373 a 4500
001 22433
003 SK-KTurca
005 20260328112039.0
008 251124s1994 xo e 0000f slo
020 _a8022005355
035 _aSNK000018419
040 _aSNK
_bslo
_cSNK
_eAACR2
041 1 _aslo
_heng
044 _axo
_cSK
072 7 _a821.111-3
_xAnglická próza, anglicky písaná
_2konspekt
080 _a821.111-31
_22011
100 1 _aBradford, Barbara Taylor,
_d1933-2024
_4aut
240 1 0 _aHold the Dream
_lSlovensky
245 1 0 _aChráň si svoj sen
_cBarbara Taylor Bradfordová ; preložili Marek Mihalkovič, Jozef Genzor, Darina Papadopoulou, Zora Čergovská
250 _a1. vyd.
260 _aBratislava
_bSlovenský spisovateľ
_c1994
_eBratislava
_fSvornosť
300 _a267 s.
_c20 cm
655 7 _aanglické romány
_2SNKPH
700 1 _aMihalkovič, Marek,
_d1962-
_4trl
700 1 _aGenzor, Jozef,
_d1939-2019
_4trl
700 1 _aPapadopoulou, Darina
_4trl
700 1 _aČergovská, Zora,
_d1930-
_4trl
787 0 8 _iZo série:
_tÚspešná žena
_g3
787 0 8 _iZo série:
_tWoman of substance
_g3
911 _aKN 1994/07
_b01983
_c02083
942 _2ddc
_cKLDO
_n0
999 _c22433
_d22433